000 00713nam a2200193 i 4500
001 125807
003 ES-MaACL
005 20250811072552.0
007 t|
008 070214s1946 sp r ||||1| spa d
110 1 _aEspaña.
_bMinisterio de Trabajo
_93924
245 1 0 _aReglamentación nacional del trabajo en la industria sidero-metalúrgica
_b: Orden del Ministerio de Trabajo de 17 de julio de 1946.
260 _aMadrid :
_bGarcía Enciso,
_c1946.
300 _a112 p. ;
_c15 cm.
650 4 _aTrabajadores de la industria siderúrgica-
_xEstatuto jurídico-
_zEspaña.
_9165906
710 2 _aEspaña.
_tLeyes, etc.
_9184149
852 _aES-MaACL
_j1871-F-4
_bR.23035
999 _c125807
_d125807